| 000 | 004650000a22001690004500 | ||
|---|---|---|---|
| 003 | MACL | ||
| 005 | 20160106171413.0 | ||
| 008 | 160106b xxu||||| |||| 00| 0 eng d | ||
| 040 |
_aMACL _cMACL |
||
| 041 | _aEnglish | ||
| 082 | _a832/SCH | ||
| 100 |
_aSchmitz, L Dora _929025 |
||
| 245 |
_aCorrespondence Between Schiller and Goethe _bfrom 1794 to 1805 vol 1 |
||
| 260 |
_bGeorge Bell and Sons _c1877 _aLondon |
||
| 650 |
_aDrama _929026 |
||
| 942 |
_cBK _k832/SCH _2ddc |
||
| 999 |
_c37600 _d37600 |
||